De mi lira popular / (Registro nro. 48876)
[ vista simple ]
| 000 -CABECERA | |
|---|---|
| campo de control de longitud fija | 00737nam a2200253 a 4500 |
| 001 - NÚMERO DE CONTROL | |
| campo de control | |
| 003 - IDENTIFICADOR DEL NÚMERO DE CONTROL | |
| campo de control | OSt |
| 005 - FECHA Y HORA DE LA ÚLTIMA TRANSACCIÓN | |
| campo de control | 20240412074307.0 |
| 008 - DATOS DE LONGITUD FIJA--INFORMACIÓN GENERAL | |
| campo de control de longitud fija | 091015s1952 dr c 000 p spa d |
| 040 ## - FUENTE DE LA CATALOGACIÓN | |
| Centro catalogador/agencia de origen | DO-SdBNP |
| Lengua de catalogación | spa |
| Centro/agencia transcriptor | DO-SdBNP |
| 049 ## - FONDOS LOCALES (OCLC) | |
| Fondos de biblioteca | |
| 082 ## - NÚMERO DE LA CLASIFICACIÓN DECIMAL DEWEY | |
| Número de clasificación | RD861.44 |
| Número de documento/Ítem | R696de,1952 |
| Número de edición | 22 |
| 100 1# - ENTRADA PRINCIPAL--NOMBRE DE PERSONA | |
| Nombre de persona | Rodríguez V., Severino A. |
| 9 (RLIN) | 26846 |
| 245 10 - MENCIÓN DE TÍTULO | |
| Título | De mi lira popular / |
| Mención de responsabilidad, etc. | Severino V. Rodríguez V. |
| 250 ## - MENCIÓN DE EDICIÓN | |
| Mención de edición | |
| 260 ## - PUBLICACIÓN, DISTRIBUCIÓN, ETC. | |
| Lugar de publicación, distribución, etc. | Ciudad Trujillo, República Dominicana : |
| Nombre del editor, distribuidor, etc. | Impresora Dominicana, |
| Fecha de publicación, distribución, etc. | 1952. |
| 300 ## - DESCRIPCIÓN FÍSICA | |
| Extensión | 57 p. ; |
| Dimensiones | 22 cm. |
| 590 ## - NOTA LOCAL (RLIN) | |
| Nota local | Inventariado,2020/VM |
| 650 #0 - PUNTO DE ACCESO ADICIONAL DE MATERIA--TÉRMINO DE MATERIA | |
| Término de materia o nombre geográfico como elemento de entrada | Poesía dominicana |
| 9 (RLIN) | 66 |
| 650 #0 - PUNTO DE ACCESO ADICIONAL DE MATERIA--TÉRMINO DE MATERIA | |
| Término de materia o nombre geográfico como elemento de entrada | Literatura dominicana. |
| 9 (RLIN) | 67 |
| 910 ## - DATOS DE OPCIÓN DEL USUARIO (OCLC) | |
| Datos de opción del usuario | Validado. Control de calidad BNPHU |
| 942 ## - ELEMENTOS DE PUNTO DE ACCESO ADICIONAL (KOHA) | |
| Fuente del sistema de clasificación o colocación | Dewey Decimal Classification |
| Tipo de ítem Koha | Libro |
| 956 ## - LOCALIZACIÓN Y ACCESO ELECTRÓNICOS LOCAL (OCLC) | |
| Nombre del host | VMateo |
| Estado de retiro | Estado de pérdida | Fuente del sistema de clasificación o colocación | No para préstamo | Código de colección | Localización permanente | Ubicación/localización actual | Fecha de adquisición | Fuente de adquisición | Total de préstamos | Signatura topográfica completa | Fecha visto por última vez | Precio válido a partir de | Tipo de ítem Koha | Código de barras | Número de copia | Restricciones de uso |
|---|---|---|---|---|---|---|---|---|---|---|---|---|---|---|---|---|
| Dewey Decimal Classification | Raros y valiosos | Biblioteca Nacional Pedro Henríquez Ureña | General | 14.10.2020 | RD861.44 R696de,1952 | 14.10.2020 | 14.10.2020 | Libro | e.3 | Préstamo en sala | ||||||
| Dewey Decimal Classification | Raros y valiosos | Biblioteca Nacional Pedro Henríquez Ureña | Patrimonio Dominicano | 14.10.2020 | UASD | RD861.44 R696de,1952 | 14.10.2020 | 14.10.2020 | Libro | |||||||
| Dewey Decimal Classification | Préstamo restrigido | Raros y valiosos | Biblioteca Nacional Pedro Henríquez Ureña | Patrimonio Dominicano | 14.10.2020 | RD861.44 R696de,1952 | 14.10.2020 | 14.10.2020 | Libro | 2020-0154 | e.2 |
